Les plus grands pays commençant par la lettre T - Statistiques

Statistiques générales
  • Ce quiz a été pris 33 fois
  • Le résultat moyen est 3 sur 5
Statistiques - réponses
Superficie (km²) Position dans le monde
en termes de superficie
Pays % Correct
780 004 37 Turquie
88%
488 100 53 Turkménistan
76%
947 303 31 Tanzanie
73%
513 120 51 Thaïlande
67%
1 284 000 21 Tchad
42%
Aucun quiz correspondant
Distribution des résultats
% des personnes avec chaque résultat
Percentile par nombre de réponses
Votre historique - résultats
Vous n’avez pas pris ce quiz